Quiz alphabet marque de Vehicule - Statistiques

Statistiques générales
  • Ce quiz a été pris 284 fois
    275 depuis la dernière actualisation
  • Le résultat moyen est 14 sur 24
Statistiques - réponses
lettres Marques du véhicule : % Correct
A Abarth,Alfa Romeo,Alpine,Aston Martin,Audi
97%
C Cadillac,Chatenet,Chevrolet,Chrysler,Citroën,Cupra
94%
B Bentley,BMW,BYD,Bugatti
92%
F Ferrari,Fiat,Ford,
91%
M Maserati,Mazda,McLaren,Mercedes,MG,Mini,Mitsubishi
85%
P Peugeot,Polestar,Porsche,pagani
85%
L Lada,Lamborghini,Lancia,Land Rover,Leapmotor Leapmotor,Lexus,Lotus,
82%
R Renault,Rolls-Royce,Rover
80%
H Honda,Hummer,Hyundai
77%
J Jaguar,Jeep
75%
V Volkswagen,Volvo
74%
S Saab,Seat,Skoda,Smart,SsangYong,Subaru,Suzuki
72%
T Tesla,Toyota,Triumph
72%
D Dacia,Daewoo,Daihatsu,Dodge,DS
68%
O Opel
63%
K Kia,Koenigsegg,ktm
57%
N Nissan,nsu,noble
53%
I Infiniti
19%
G Geely,Genesis,ginetta,Glas,GMC,Great Wall,Gumpert
15%
E Eagle,Edsel,Elfin,Eicher Motors,Englon,Everus,Exagon Motors,Embuggy,Erad,Estrima,Excalibur
11%
Z Zagato,Zap,Zastava,Zenn,Zenvo
11%
U Ultima
6%
W Westfield,Wiesmann,Willys
6%
Q Qoros
5%
Aucun quiz correspondant
Distribution des résultats
% des personnes avec chaque résultat
Percentile par nombre de réponses
Votre historique - résultats
Vous n’avez pas pris ce quiz depuis la dernière actualisation